=LDR 00000nam 2200000 4500 =001 INLIS000000000042658 =005 20131008015448 =008 ***********************************Ind** =035 ##$$0010-101300000000580 =041 ##$$a Ind =082 ##$$a 617,601 =090 ##$$a 617.601, War d =100 ##$$a Warren Birnbaum =245 ##$$a Diagnosis kelainan dalam mulut : petunjuk bagi klinisi = ( Oral Diagnosis : The Clirician's Guide ), Warren Bernbaum, Stephen M. Dunne; alih bahasa, Hartono Ruslijanto, Enny M. Rasyad ; editor, Lilian Juwono =260 ##$$a 2009 $b Jakarta =300 ##$$a ix, 407 hlm., ilus, 21 cm =650 ##$$a Mulut - Perawatan =700 ##$$a Stephen M. Dunne =850 ##$$a NBPNMAT